000 00483nam a2200181Ia 4500
008 090124s9999 xx 000 0 und d
082 _b120926
100 _aमंगेशकर गीता
245 _a सौभाग्य
250 _a1
260 _c1985
300 _a232
600 _aमंगेशकर गीता
630 _a सौभाग्य
700 _aमंगेशकर गीता
730 _a सौभाग्य
942 _cBOOK
999 _c167012
_d167012